000 00507nam a22001577a 4500
020 _a978-0307945648
082 _a378.1662
_bGRE
_cDonation
110 _aPrinceton Review
_951361
245 _aCracking the GRE with 6 Practice Tests & DVD, 2014 Edition
_cPrinceton Review
250 _a2014
260 _aNew York.
_bPrinceton Review
_c2014.
300 _a549 p.:
_c8.3 x 1.3 x 10.8 inches
500 _aGraduate School Test Preparation
526 _a0
_b0
_c0
_d378_166200000000000_GRE
942 _2ddc
_cBK
999 _c554063
_d554063